[Event "Maastricht Limburg op-B 9th"]
[Site "Maastricht"]
[Date "2015.05.23"]
[Round "2"]
[White "Stuch, Hans Ferdinand"]
[Black "Ibrahim, Ashraf"]
[Result "1/2-1/2"]
[WhiteElo "1767"]
[BlackElo "1824"]
[PlyCount "83"]
[EventDate "2015.05.22"]
[EventType "swiss"]
[EventRounds "7"]
[EventCountry "NED"]
[SourceTitle "EXT 2016"]
[Source "ChessBase"]
[SourceDate "2015.10.08"]
[SourceVersion "1"]
[SourceVersionDate "2015.10.08"]
[SourceQuality "1"]

1. Nf3 d5 2. d4 Nf6 3. e3 Bg4 4. c4 e6 5. Qb3 Qc8 6. Ne5 Bf5 7. Nc3 c6 8. Bd2 Nbd7 9. Rc1 Nxe5 10. dxe5 Ne4 11. cxd5 Nxd2 12. Kxd2 exd5 13. e4 Be7 14. f4 dxe4 15. Bc4 Qd7+ 16. Ke1 0-0 17. Rd1 Qc7 18. Be2 b5 19. Qc2 f6 20. g4 Bc8 21. Qxe4 fxe5 22. Bd3 g6 23. f5 g5 24. Bxb5 cxb5 25. Qxa8 Bb7 26. Qxa7 Bc5 27. Nd5 Bxa7 28. Nxc7 Bxh1 29. Ne6 Rc8 30. Rd7 Be3 31. Ke2 Bc5 32. f6 Bf8 33. Nxg5 Bd5 34. Rxh7 Rc2+ 35. Kd1 Rxb2 36. f7+ Bxf7 37. Rxf7 Rxh2 38. Rf5 Rh1+ 39. Kc2 Rh2+ 40. Kb3 Rg2 41. Ne6 Rg3+ 42. Kc2 1/2-1/2

[Event "Troisdorf op"]
[Site "Troisdorf"]
[Date "2012.10.28"]
[Round "2"]
[White "Quaegwer, Gerhard"]
[Black "Stuch, Hans Ferdinand"]
[Result "1/2-1/2"]
[WhiteElo "1489"]
[BlackElo "1939"]
[PlyCount "105"]
[EventDate "2012.10.23"]
[EventType "swiss"]
[EventRounds "7"]
[EventCountry "GER"]
[SourceTitle "EXT 2014"]
[Source "ChessBase"]
[SourceDate "2013.11.20"]
[SourceVersion "1"]
[SourceVersionDate "2013.11.20"]
[SourceQuality "1"]

1. e4 e6 2. c3 d5 3. exd5 exd5 4. d4 Nf6 5. Be2 Bd6 6. Nf3 0-0 7. 0-0 Re8 8. Bg5 Nbd7 9. Re1 Nf8 10. Nbd2 Ng6 11. Qc2 h6 12. Be3 Ng4 13. Bd3 Nxe3 14. fxe3 Nh4 15. h3 Nxf3+ 16. Nxf3 Qf6 17. Rf1 Re7 18. e4 dxe4 19. Bxe4 Qf4 20. Ne5 Qe3+ 21. Kh1 Bxe5 22. dxe5 Qb6 23. Rad1 Be6 24. b3 Rae8 25. Rd2 Rd7 26. Rxd7 Bxd7 27. Re1 Bc6 28. Bd3 Qc5 29. b4 Qd5 30. Be4 Qe6 31. c4 Bxe4 32. Qxe4 c6 33. a4 Rd8 34. Qh4 Qd7 35. Qf4 Re8 36. Qg3 Re6 37. Re4 Rg6 38. Qe3 Qd1+ 39. Kh2 Qxa4 40. e6 fxe6 41. Rxe6 Rxe6 42. Qxe6+ Kh7 43. Qf5+ Kg8 44. Qc8+ Kh7 45. Qf5+ Kh8 46. Qc8+ Kh7 47. Qxb7 Qa1 48. Qxc6 Qe5+ 49. Kh1 Qe1+ 50. Kh2 Qe5+ 51. Kh1 Qe1+ 52. Kh2 Qe5+ 53. Kh1 1/2-1/2

[Event "Troisdorf op "]
[Site "Troisdorf"]
[Date "2010.11.09"]
[Round "3"]
[White "Stuch, Hans Ferdinand"]
[Black "Raabe, Joachim"]
[Result "0-1"]
[WhiteElo "1648"]
[BlackElo "1835"]
[PlyCount "84"]
[EventDate "2010.10.26"]
[EventType "swiss"]
[EventRounds "7"]
[EventCountry "GER"]
[SourceTitle "EXT 2013"]
[Source "ChessBase"]
[SourceDate "2012.11.22"]
[SourceVersion "1"]
[SourceVersionDate "2012.11.22"]
[SourceQuality "1"]

1. d4 d5 2. c4 dxc4 3. Nf3 a6 4. a4 Nc6 5. e3 Bg4 6. Bxc4 e6 7. 0-0 Nf6 8. Nc3 Bb4 9. Bd2 0-0 10. Be2 Qe7 11. Ne5 Bxe2 12. Nxc6 Bxd1 13. Nxe7+ Bxe7 14. Rfxd1 c5 15. dxc5 Bxc5 16. Rac1 Rac8 17. h3 h5 18. Kf1 Rfd8 19. e4 Bb4 20. f3 h4 21. Ke2 Nh5 22. e5 Ng3+ 23. Ke1 Nf5 24. Na2 Rxc1 25. Nxb4 Rxd1+ 26. Kxd1 a5 27. Nc2 Rd5 28. Ke2 Rxe5+ 29. Kf2 Rc5 30. Bc3 e5 31. Ne1 f6 32. Nd3 Rc4 33. Bxa5 Rxa4 34. Bc3 b6 35. Nb4 Ne7 36. g3 hxg3+ 37. Kxg3 Kf7 38. Kf2 Ke6 39. Kg3 Nd5 40. Nxd5 Kxd5 41. Kf2 g5 42. Ke3 Rh4 0-1

[Event "Leverkusen-ch op"]
[Site "Leverkusen"]
[Date "2010.03.08"]
[Round "4"]
[White "Michalczak, Thomas"]
[Black "Stuch, Hans Ferdinand"]
[Result "1-0"]
[WhiteElo "2363"]
[BlackElo "1563"]
[PlyCount "78"]
[EventDate "2010.01.18"]
[EventType "swiss"]
[EventRounds "7"]
[EventCountry "GER"]
[SourceTitle "EXT 2011"]
[Source "ChessBase"]
[SourceDate "2010.11.26"]
[SourceVersion "1"]
[SourceVersionDate "2010.11.26"]
[SourceQuality "1"]

1. e4 Nf6 2. e5 Nd5 3. d4 d6 4. Nf3 g6 5. Bc4 Nb6 6. Bb3 Bg7 7. a4 a5 8. Ng5 d5 9. 0-0 0-0 10. f4 h6 11. Nf3 Bf5 12. Nh4 e6 13. Nxf5 exf5 14. Be3 h5 15. Nd2 Na6 16. Nf3 c6 17. Qe1 Nc7 18. Kh1 Ne6 19. c3 Nc4 20. Bc1 Bh6 21. Nh4 Qb6 22. Bc2 Qd8 23. b3 Nb6 24. Qg3 Bg7 25. Nxg6 fxg6 26. Qxg6 Qe8 27. Bxf5 Qxg6 28. Bxg6 h4 29. f5 c5 30. Ba3 Nxd4 31. cxd4 Rfd8 32. Bxc5 Nd7 33. Be7 Rdc8 34. Rac1 h3 35. g4 Bf8 36. f6 Bh6 37. Rxc8+ Rxc8 38. Bf5 Be3 39. f7+ Kxf7 1-0

[Event "Leverkusen-ch op"]
[Site "Leverkusen"]
[Date "2010.02.01"]
[Round "2"]
[White "Stuch, Hans Ferdinand"]
[Black "Ljuboschiz, Alexander"]
[Result "0-1"]
[WhiteElo "1563"]
[BlackElo "2203"]
[PlyCount "48"]
[EventDate "2010.01.18"]
[EventType "swiss"]
[EventRounds "7"]
[EventCountry "GER"]
[SourceTitle "EXT 2011"]
[Source "ChessBase"]
[SourceDate "2010.11.26"]
[SourceVersion "1"]
[SourceVersionDate "2010.11.26"]
[SourceQuality "1"]

1. c4 g6 2. g3 Bg7 3. Bg2 d6 4. Nc3 e5 5. e4 Ne7 6. Nge2 Be6 7. d3 Qd7 8. h3 Nbc6 9. Nd5 0-0 10. Be3 f5 11. Qd2 Rf7 12. h4 h5 13. Bg5 Raf8 14. f3 Nc8 15. 0-0-0 a6 16. Bh6 Bxd5 17. Bxg7 Kxg7 18. exd5 N6e7 19. d4 Ng8 20. dxe5 dxe5 21. Nc3 Kh7 22. Bh3 Nf6 23. g4 fxg4 24. fxg4 Nxg4 0-1

[Event "Cologne Longerich op 3rd"]
[Site "Cologne"]
[Date "2004.08.07"]
[Round "6"]
[White "Stuch, Hans Ferdinand"]
[Black "Goldenstein, Arnd"]
[Result "0-1"]
[WhiteElo "1685"]
[BlackElo "1949"]
[PlyCount "42"]
[EventDate "2004.06.26"]
[EventType "swiss"]
[EventRounds "7"]
[EventCountry "GER"]
[SourceTitle "EXT 2006"]
[Source "ChessBase"]
[SourceDate "2005.11.24"]
[SourceVersion "1"]
[SourceVersionDate "2005.11.24"]
[SourceQuality "1"]

1. c4 e5 2. Nc3 Nf6 3. e4 Bc5 4. h3 0-0 5. Nge2 d6 6. d3 h6 7. g4 Nh7 8. Ng3 Qh4 9. Qe2 Nc6 10. Nd5 Nd4 11. Qd1 f5 12. exf5 Bxf5 13. Bg2 Bd7 14. Ne4 c6 15. Ndc3 d5 16. cxd5 cxd5 17. Nxd5 Bc6 18. Ndc3 Rxf2 19. Nxf2 Nf3+ 20. Qxf3 Bxf3 21. 0-0 Qg3 0-1

[Event "Cologne Longerich op 3rd"]
[Site "Cologne"]
[Date "2004.07.31"]
[Round "5"]
[White "Stuch, Hans Ferdinand"]
[Black "Fokken, Achim"]
[Result "0-1"]
[WhiteElo "1685"]
[BlackElo "1867"]
[PlyCount "39"]
[EventDate "2004.06.26"]
[EventType "swiss"]
[EventRounds "7"]
[EventCountry "GER"]
[SourceTitle "EXT 2006"]
[Source "ChessBase"]
[SourceDate "2005.11.24"]
[SourceVersion "1"]
[SourceVersionDate "2005.11.24"]
[SourceQuality "1"]

1. c4 e5 2. Nc3 f5 3. d4 exd4 4. Qxd4 Nc6 5. Qd1 Bb4 6. Bd2 Nf6 7. a3 Be7 8. Nf3 0-0 9. e3 d6 10. Be2 Kh8 11. 0-0 Be6 12. Ng5 Bg8 13. Rc1 h6 14. Nh3 g5 15. Nd5 Ne4 16. Nxe7 Qxe7 17. Be1 Be6 18. f3 Nf6 19. Nf2 Rad8 20. Bc3 0-1